000 00277nam a2200109Ia 4500
008 210430s9999 xx 000 0 und d
082 _a813.6 D167K
100 _aMushtaq Ahmad Yousfi
_954600
245 _aKhakim Badan
_cMushtaq Ahmad Yousfi
300 _a215
942 _cBK
_2ddc
999 _c565226
_d565226